|
|
|
|
| LEADER |
00890nam a2200277 4500 |
| 001 |
DLU170181440 |
| 005 |
##20171025 |
| 040 |
# |
# |
|a DLU
|b vie
|
| 041 |
# |
# |
|a vie
|
| 044 |
# |
# |
|a vn
|
| 100 |
# |
# |
|a Nguyễn Tú Anh.
|
| 245 |
# |
# |
|a Đánh giá mô hình tăng trưởng kinh tế Việt Nam /
|c Nguyễn Tú Anh, Hồ Thúy Ngọc, Nguyễn Thu Thủy.
|
| 653 |
# |
# |
|a Mô hình tăng trưởng kinh tế
|
| 653 |
# |
# |
|a Năng suất lao động
|
| 653 |
# |
# |
|a Tăng trưởng kinh tế
|
| 700 |
# |
# |
|a Hồ Thúy Ngọc.
|
| 700 |
# |
# |
|a Nguyễn Thu Thủy.
|
| 773 |
# |
# |
|t Nghiên cứu kinh tế
|g Số 5(444), 2015, tr. 3-12
|
| 920 |
# |
# |
|a Phòng Tạp chí -- Trung tâm Thông tin - Thư viện Trường Đại học Đà Lạt
|
| 900 |
# |
# |
|a True
|
| 911 |
# |
# |
|a Nguyễn Thị Thu Phương
|
| 925 |
# |
# |
|a G
|
| 926 |
# |
# |
|a A
|
| 927 |
# |
# |
|a BB
|
| 980 |
# |
# |
|a Thư viện Trường Đại học Đà Lạt
|